[Event "Pardubice Region-chT 2223"]
[Site "Czech Republic"]
[Date "2023.04.02"]
[Round "11.6"]
[White "Linhart, Zbynek"]
[Black "Simek, Zdenek"]
[Result "1-0"]
[WhiteElo "1890"]
[BlackElo "1895"]
[PlyCount "69"]
[EventDate "2022.10.09"]
[EventType "team-tourn"]
[EventRounds "11"]
[EventCountry "CZE"]
[SourceTitle "EXT 2024"]
[Source "ChessBase"]
[SourceDate "2023.10.10"]
[SourceVersion "1"]
[SourceVersionDate "2023.10.10"]
[SourceQuality "1"]

1. d4 f5 2. c4 Nf6 3. Nc3 d6 4. Nf3 g6 5. g3 Bg7 6. Bg2 0-0 7. 0-0 Qe8 8. Bg5 c6 9. Qd2 Nbd7 10. Bh6 e6 11. Bxg7 Kxg7 12. d5 exd5 13. cxd5 c5 14. Nb5 Ne4 15. Qf4 Qd8 16. Nxd6 Nxd6 17. Qxd6 Rf6 18. Qf4 Nb6 19. Rfd1 Rd6 20. Qe5+ Qf6 21. Rac1 Nd7 22. Qxf6+ Kxf6 23. Nd2 b5 24. f4 Ra6 25. a3 Bb7 26. e4 fxe4 27. Nxe4+ Kf7 28. Nxc5 Nxc5 29. Rxc5 Rb6 30. Rc7+ Kf8 31. Rxh7 Rd8 32. Rh8+ Ke7 33. Re1+ Kd7 34. Bh3+ Kc7 35. Rc1+ 1-0

[Event "Pardubice Region-chT 2223"]
[Site "Czech Republic"]
[Date "2023.03.19"]
[Round "10.4"]
[White "Simek, Zdenek"]
[Black "Pokorny, Jiri2"]
[Result "1/2-1/2"]
[WhiteElo "1895"]
[BlackElo "1469"]
[PlyCount "209"]
[EventDate "2022.10.09"]
[EventType "team-tourn"]
[EventRounds "11"]
[EventCountry "CZE"]
[SourceTitle "EXT 2024"]
[Source "ChessBase"]
[SourceDate "2023.10.10"]
[SourceVersion "1"]
[SourceVersionDate "2023.10.10"]
[SourceQuality "1"]

1. e4 e6 2. d4 d5 3. Nd2 dxe4 4. Nxe4 Bd7 5. Nf3 Bc6 6. Bd3 Nd7 7. 0-0 Ngf6 8. Ned2 Be7 9. Nc4 0-0 10. Re1 b6 11. c3 Bb7 12. Bg5 c5 13. Nce5 Nxe5 14. dxe5 Bxf3 15. Qxf3 Nd5 16. Qe4 g6 17. Bh6 Re8 18. Bb5 Bf8 19. Bxe8 Bxh6 20. Bc6 Rc8 21. Bxd5 exd5 22. Qg4 Rc7 23. Rad1 Rd7 24. e6 fxe6 25. Qxe6+ Kg7 26. Qe5+ Kf7 27. Rd3 Rd6 28. Rh3 g5 29. Rf3+ Kg8 30. Qe8+ Qxe8 31. Rxe8+ Kg7 32. Re7+ Kg6 33. Rxa7 d4 34. cxd4 cxd4 35. Rd3 Kf5 36. f3 g4 37. Rxh7 Be3+ 38. Kf1 gxf3 39. gxf3 Rg6 40. Rxe3 dxe3 41. Rh4 Rc6 42. Ke2 Rc2+ 43. Kxe3 Rxb2 44. a4 Rb3+ 45. Kf2 Kg5 46. Rd4 Rb1 47. h4+ Kh5 48. Rf4 Kg6 49. Ke3 b5 50. axb5 Rxb5 51. Rc4 Kf5 52. Rg4 Rb3+ 53. Kf2 Rb1 54. Kg2 Rb2+ 55. Kg3 Rb1 56. Rg5+ Kf6 57. Kg4 Rg1+ 58. Kf4 Rh1 59. Rf5+ Kg6 60. Rg5+ Kf6 61. Rg4 Rh3 62. Ke4 Rh1 63. Ke3 Kf5 64. Ra4 Rh2 65. Ra5+ Kg6 66. Rg5+ Kf6 67. Rg4 Kf5 68. Rb4 Kg6 69. Rb6+ Kh5 70. Rb8 Kg6 71. Rb4 Kf5 72. h5 Kg5 73. Rb5+ Kh6 74. f4 Rh3+ 75. Ke4 Kg7 76. Rg5+ Kf6 77. Re5 Rh1 78. Rf5+ Ke6 79. Ra5 Re1+ 80. Kf3 Rh1 81. Kg4 Rg1+ 82. Kh4 Kf6 83. h6 Rf1 84. h7 Rh1+ 85. Kg4 Kg7 86. Ra7+ Kh8 87. Kg5 Rh5+ 88. Kg4 Rg5+ 89. Kf3 Rg3+ 90. Ke4 Re3+ 91. Kf5 Re5+ 92. Kg4 Rg5+ 93. Kf3 Rg3+ 94. Ke4 Re3+ 95. Kd5 Re5+ 96. Kd6 Re6+ 97. Kd7 Rd6+ 98. Ke8 Rd8+ 99. Kf7 Rf8+ 100. Kg6 Rf6+ 101. Kg5 Rf5+ 102. Kg6 Rf6+ 103. Kg5 Rf5+ 104. Kg4 Rxf4+ 105. Kxf4 1/2-1/2

[Event "Pardubice Region-chT 2223"]
[Site "Czech Republic"]
[Date "2022.10.09"]
[Round "1.4"]
[White "Simek, Zdenek"]
[Black "Vaclavik, Patrik"]
[Result "0-1"]
[WhiteElo "1895"]
[BlackElo "1739"]
[PlyCount "66"]
[EventDate "2022.10.09"]
[EventType "team-tourn"]
[EventRounds "11"]
[EventCountry "CZE"]
[SourceTitle "EXT 2024"]
[Source "ChessBase"]
[SourceDate "2023.10.10"]
[SourceVersion "1"]
[SourceVersionDate "2023.10.10"]
[SourceQuality "1"]

1. e4 b6 2. d4 Bb7 3. Nc3 e6 4. Nf3 Bb4 5. Bd3 Nf6 6. Qe2 d5 7. exd5 Nxd5 8. Bd2 Nxc3 9. bxc3 Be7 10. 0-0 0-0 11. Rfe1 Nd7 12. c4 Re8 13. Rab1 c5 14. c3 Nf6 15. Be3 Ng4 16. Nd2 Nxe3 17. fxe3 Bd6 18. Be4 Bxe4 19. Nxe4 Bxh2+ 20. Kf1 Qh4 21. Qf3 f5 22. Nd2 Bg3 23. Red1 e5 24. Ke2 exd4 25. cxd4 cxd4 26. Nf1 Rad8 27. Rd3 f4 28. Rbd1 dxe3 29. Nxg3 Rxd3 30. Nf5 Rd2+ 31. Rxd2 exd2+ 32. Kxd2 Qe1+ 33. Kd3 Qb1+ 0-1

[Event "CZE-chT2D 2122"]
[Site "Czech Republic"]
[Date "2022.02.13"]
[Round "8.5"]
[White "Mareckova, Martina"]
[Black "Simek, Zdenek"]
[Result "1-0"]
[WhiteElo "2111"]
[BlackElo "1925"]
[PlyCount "67"]
[EventDate "2021.10.17"]
[EventType "team-tourn"]
[EventRounds "11"]
[EventCountry "CZE"]
[SourceTitle "EXT 2025"]
[Source "ChessBase"]
[SourceDate "2024.10.14"]
[SourceVersion "1"]
[SourceVersionDate "2024.10.14"]
[SourceQuality "1"]
[WhiteTeam "Rychnov nad Kneznou Panda"]
[BlackTeam "Usti nad Orlici"]
[WhiteTeamCountry "CZE"]
[BlackTeamCountry "CZE"]

1. e4 c5 2. Nc3 e6 3. d3 Nc6 4. g3 d5 5. Bg2 Nf6 6. f4 d4 7. Nb1 h5 8. Nf3 Be7 9. h3 Qc7 10. Qe2 b6 11. Nbd2 Bb7 12. Nc4 Nd7 13. a4 0-0-0 14. Bd2 g5 15. Nxg5 Bxg5 16. fxg5 Qxg3+ 17. Qf2 Qxf2+ 18. Kxf2 Nde5 19. Nxe5 Nxe5 20. b3 f6 21. h4 Rdf8 22. Kg3 Rhg8 23. Rhf1 Rg6 24. Bh3 Kd7 25. Rf2 Rfg8 26. Raf1 fxg5 27. hxg5 Ke7 28. Rf6 Bc8 29. Kh4 Ng4 30. Rf7+ Kd6 31. Rh7 e5 32. Rxh5 Nh2 33. Rf2 Bxh3 34. Kxh3 1-0

[Event "CZE-chT2D 2122"]
[Site "Czech Republic"]
[Date "2021.11.21"]
[Round "3.5"]
[White "Mojzis, Jaroslav"]
[Black "Simek, Zdenek"]
[Result "1-0"]
[WhiteElo "2093"]
[BlackElo "1925"]
[PlyCount "129"]
[EventDate "2021.10.17"]
[EventType "team-tourn"]
[EventRounds "11"]
[EventCountry "CZE"]
[SourceTitle "EXT 2025"]
[Source "ChessBase"]
[SourceDate "2024.10.14"]
[SourceVersion "1"]
[SourceVersionDate "2024.10.14"]
[SourceQuality "1"]
[WhiteTeam "Polabiny III"]
[BlackTeam "Usti nad Orlici"]
[WhiteTeamCountry "CZE"]
[BlackTeamCountry "CZE"]

1. Nf3 e6 2. g3 f5 3. Bg2 Nf6 4. 0-0 Be7 5. d4 0-0 6. c4 c6 7. b3 d5 8. Ba3 Bxa3 9. Nxa3 Qe7 10. Nc2 Nbd7 11. cxd5 cxd5 12. e3 b6 13. Qe2 a5 14. Rfc1 Ba6 15. Qe1 Ne4 16. Bf1 Bxf1 17. Qxf1 Nd6 18. Nce1 Rfc8 19. Nd3 Nf7 20. Rxc8+ Rxc8 21. Rc1 Qd8 22. h4 Rc7 23. Nf4 Nf8 24. Kg2 Qc8 25. Rxc7 Qxc7 26. Qb5 Nd6 27. Qd3 Nf7 28. Qa6 Qb8 29. Qb5 Qc7 30. Qe8 Qd8 31. Qc6 Qd6 32. Qxd6 Nxd6 33. Ng5 Nb5 34. Ngxe6 Nxe6 35. Nxe6 Nc3 36. a4 b5 37. axb5 Nxb5 38. Kf1 Kf7 39. Nd8+ Ke7 40. Nc6+ Kd6 41. Nxa5 Kc7 42. b4 Nc3 43. Nb3 Kc6 44. Nc5 Kd6 45. Ke1 g6 46. Kd2 Nb5 47. Ke2 h6 48. Nd3 g5 49. Ne5 Ke6 50. Kd3 gxh4 51. gxh4 f4 52. e4 dxe4+ 53. Kxe4 Nd6+ 54. Kxf4 Kd5 55. Ng4 h5 56. Ne3+ Ke6 57. Kg5 Ne4+ 58. Kxh5 Nxf2 59. Kg6 Nd3 60. b5 Nf4+ 61. Kg5 Ne2 62. d5+ Kf7 63. b6 Nc3 64. b7 Ne4+ 65. Kf4 1-0

[Event "CZE-chT rap"]
[Site "Pardubice"]
[Date "2011.07.14"]
[Round "1"]
[White "Simek, Zdenek"]
[Black "Jurek, Josef"]
[Result "0-1"]
[WhiteElo "1872"]
[BlackElo "2332"]
[PlyCount "64"]
[EventDate "2011.07.14"]
[EventType "team-swiss"]
[EventRounds "7"]
[EventCountry "CZE"]
[SourceTitle "CBM 143 Extra"]
[Source "ChessBase"]
[SourceDate "2011.08.29"]
[SourceVersion "1"]
[SourceVersionDate "2011.08.29"]
[SourceQuality "1"]

1. e4 c5 2. Nf3 e6 3. c4 Nc6 4. Nc3 Nf6 5. d4 cxd4 6. Nxd4 Bb4 7. Nxc6 dxc6 8. Qxd8+ Kxd8 9. Bd2 e5 10. 0-0-0 Bd7 11. f3 Bc5 12. Be2 Kc7 13. Kc2 h6 14. a3 a5 15. g4 a4 16. Na2 Be6 17. Bb4 Bxb4 18. Nxb4 Nd7 19. Kb1 f6 20. Nc2 Nc5 21. h3 Rhd8 22. Ne3 Nb3 23. Rhe1 Nd4 24. Rc1 Ra5 25. Rc3 Nb3 26. Bd1 Nc5 27. Be2 Raa8 28. Rd1 Rd4 29. Rcc1 Rad8 30. Kc2 Nb3 31. Rxd4 exd4 32. Ng2 d3+ 0-1

[Event "CZE-ch U16"]
[Site "Volyne"]
[Date "2003.??.??"]
[Round "?"]
[White "Machalek, Martin"]
[Black "Simek, Zdenek"]
[Result "1-0"]
[WhiteElo "1639"]
[BlackElo "1522"]
[PlyCount "137"]
[EventDate "2003.??.??"]
[EventType "swiss"]
[EventRounds "9"]
[EventCountry "CZE"]
[SourceTitle "EXT 2005"]
[Source "ChessBase"]
[SourceDate "2004.11.15"]
[SourceVersion "1"]
[SourceVersionDate "2004.11.15"]
[SourceQuality "1"]

1. e4 c5 2. Nf3 d6 3. d4 cxd4 4. Nxd4 Nf6 5. Nc3 a6 6. Be2 e6 7. f4 Qc7 8. Be3 Be7 9. h3 b5 10. a3 Bb7 11. Bf3 Nbd7 12. Qe2 Nc5 13. Bf2 0-0 14. 0-0 Rfd8 15. Rad1 Rac8 16. Rfe1 Ncd7 17. Nb3 Nb6 18. Na5 Ba8 19. Qe3 Nc4 20. Nxc4 bxc4 21. Na4 d5 22. Nb6 Bc5 23. Qxc5 Qxc5 24. Bxc5 Rxc5 25. Nxa8 Rxa8 26. exd5 Nxd5 27. f5 Kf8 28. fxe6 fxe6 29. Rxe6 Nf4 30. Re4 Ng6 31. Rf1 Kg8 32. Rxc4 Rac8 33. Rxc5 Rxc5 34. c4 Ne7 35. b3 a5 36. Be2 Re5 37. Bd3 Nc6 38. c5 g6 39. Rc1 Kf8 40. Kf2 Ke7 41. Re1 Kd7 42. Rxe5 Nxe5 43. Bb5+ Kc7 44. b4 axb4 45. axb4 g5 46. Ke3 g4 47. hxg4 Nxg4+ 48. Kf4 Nf6 49. Bc4 Kc6 50. Kg5 Ne4+ 51. Kh6 Nd2 52. Bd3 Nb3 53. Kxh7 Nc1 54. Ba6 Na2 55. b5+ Kxc5 56. g4 Nc3 57. g5 Nd5 58. g6 Nf6+ 59. Kg7 Nh5+ 60. Kf7 Kb6 61. g7 Nxg7 62. Kxg7 Ka7 63. Kf6 Kb6 64. Ke6 Kc7 65. Kd5 Kb6 66. Kd6 Ka7 67. Kc6 Kb8 68. b6 Ka8 69. Bc4 1-0

[Event "CZE-ch U16"]
[Site "Volyne"]
[Date "2003.??.??"]
[Round "?"]
[White "Simek, Zdenek"]
[Black "Bouzek, Tomas"]
[Result "1-0"]
[WhiteElo "1522"]
[BlackElo "1743"]
[PlyCount "80"]
[EventDate "2003.??.??"]
[EventType "swiss"]
[EventRounds "9"]
[EventCountry "CZE"]
[SourceTitle "EXT 2005"]
[Source "ChessBase"]
[SourceDate "2004.11.15"]
[SourceVersion "1"]
[SourceVersionDate "2004.11.15"]
[SourceQuality "1"]

1. d4 Nf6 2. c4 e6 3. Nc3 Bb4 4. Bg5 d5 5. e3 h6 6. Bh4 0-0 7. Nf3 Nbd7 8. Qb3 Be7 9. Bd3 dxc4 10. Bxc4 Nb6 11. Be2 Nfd5 12. Bg3 Bd7 13. 0-0 a5 14. Nxd5 exd5 15. a3 Bf5 16. Bd3 a4 17. Qc2 Bxd3 18. Qxd3 Nc4 19. Rab1 Bd6 20. Nd2 b5 21. Bxd6 Qxd6 22. Rfe1 f5 23. Re2 Rf6 24. Nf3 c6 25. Ne1 Re8 26. g3 g5 27. Ng2 Qf8 28. Rbe1 Nd6 29. h3 Ne4 30. Qc2 Re7 31. Qd3 Rg7 32. Qc2 f4 33. exf4 gxf4 34. gxf4 Qf7 35. f3 Ng3 36. Re8+ Qxe8 37. Rxe8+ Kf7 38. Re5 Rfg6 39. Re1 Nh5 40. Kf1 Nf6 1-0

[Event "CZE-ch U16"]
[Site "Volyne"]
[Date "2003.??.??"]
[Round "?"]
[White "Simek, Zdenek"]
[Black "Heller, Simon"]
[Result "0-1"]
[WhiteElo "1522"]
[BlackElo "1716"]
[PlyCount "58"]
[EventDate "2003.??.??"]
[EventType "swiss"]
[EventRounds "9"]
[EventCountry "CZE"]
[SourceTitle "EXT 2005"]
[Source "ChessBase"]
[SourceDate "2004.11.15"]
[SourceVersion "1"]
[SourceVersionDate "2004.11.15"]
[SourceQuality "1"]

1. d4 Nf6 2. c4 g6 3. Nc3 Bg7 4. e4 d6 5. Bd3 0-0 6. Nge2 c5 7. d5 e6 8. 0-0 Ne8 9. Be3 Bd7 10. Qd2 Na6 11. Bh6 Nb4 12. Bb1 Rb8 13. a3 Na6 14. Bd3 Nac7 15. Rab1 b5 16. Bxg7 Nxg7 17. b3 a6 18. Rfe1 f5 19. f3 e5 20. g3 Qf6 21. Rf1 f4 22. g4 h5 23. h3 Kf7 24. Nc1 Rh8 25. Qg2 hxg4 26. hxg4 Rh7 27. Kf2 Rbh8 28. g5 Qd8 29. Ke1 Bh3 0-1

[Event "CZE-ch U16"]
[Site "Volyne"]
[Date "2003.??.??"]
[Round "?"]
[White "Steinhauser, Antonin"]
[Black "Simek, Zdenek"]
[Result "1-0"]
[WhiteElo "1913"]
[BlackElo "1522"]
[PlyCount "79"]
[EventDate "2003.??.??"]
[EventType "swiss"]
[EventRounds "9"]
[EventCountry "CZE"]
[SourceTitle "EXT 2005"]
[Source "ChessBase"]
[SourceDate "2004.11.15"]
[SourceVersion "1"]
[SourceVersionDate "2004.11.15"]
[SourceQuality "1"]

1. e4 c5 2. Nf3 d6 3. d4 cxd4 4. Nxd4 Nf6 5. Nc3 a6 6. Bg5 e6 7. f4 Be7 8. Qf3 Qb6 9. 0-0-0 Bd7 10. f5 Nc6 11. Be3 Qc7 12. Qh3 Nxd4 13. Bxd4 Rc8 14. Qe3 b5 15. Bd3 Qb7 16. Qe2 Ra8 17. g4 h6 18. h4 e5 19. Bf2 Bc6 20. a3 Nd7 21. Nd5 Nc5 22. Bxc5 dxc5 23. Qf2 c4 24. Be2 f6 25. Bf3 Bxd5 26. exd5 Bd6 27. g5 Qa7 28. Qe2 Ke7 29. gxf6+ gxf6 30. Rhg1 Rag8 31. Rg6 Qb8 32. Rdg1 Bc5 33. Rg7+ Kd6 34. R1g6 Qf8 35. Qg2 Rxg7 36. Rxg7 Be3+ 37. Kb1 Bc5 38. Qg6 Qd8 39. Qf7 Rf8 40. Qe6# 1-0